000 00794nam a2200277Ia 4500
003 OSt
005 20221005083808.0
006 a|||||r|||| 00| 0
007 ta
008 221004b |||||||| |||| 00| 0 eng d
020 _a8185990360
024 _a79455
037 _cTextual
040 _aCRL
_cCRL
_beng
041 _2eng
_aeng
082 _aY73(P1):1.A, P1
100 _aRajaram Navaratna S
_9612816
245 0 _aVedic aryans and the origins of civilization
_b A literary and scientific perspective
250 _a3rd
260 _aNew Delhi
_bVoice of India India
_c2001
300 _a387p.
_ccm.
650 _aSOCIOLOGY
700 _a Frawley David
942 _hY73(P1):1.A, P1
_cTEXL
_2cc
999 _c991536
_d991536